1852 1618 1071 1025 1690 1706 1440 1442 1502 1860 1434 1519 1136 1000 1514 1732 1072 1208 1418 1418 1155 1432 1445 1165 1684 1413 1715 1190 1055 1000 1772 1936 1082 1988 1376 1609 1530 1126 1915 1923 1317 1716 1267 1884 1097 1893 1616 1713 1971 1200 1106 1879 1850 1612 1297 1363 1870 1648 1986 1460 1414 1952 1179 1729 1364 1498 1738 1107 1382 1353 1252 1295 1795 1259 1473 1864 1071 1919 1480 1402 1577 1315 1276 1903 1140 1337 1972 1516 1575 1548 1495 1936 1227 1818 1502 1552 1119 1393 1288 BCNSPRNW ULIB Ver.6.0+V

เปลี่ยนเป็นภาษาไทย

Change to English
 แสดงรายละเอียดบรรณานุกรม
  กลับหน้าหลัก

Brief Record : Get Marc (ISO 2709) : E-mail record : QR code < ปิดหน้าต่าง
LEADER : 00000nam 2200000uu 4500
001    13399109980
003     ULIB
008    110419s2543||||th 000 0 tha d
020    9742937877
060 04 WF26^bม376น 2543
245 00 แนวทางการป้องกันปอดอักเสบในผู้ป่วยใช้เครื่องช่วยหายใจ :^bในโรงพยาบาลนครราชสีมา 2542 = Guidelines for prevention of ventilator-associated pneumonia /^cบรรณาธิการ, วิมลมาลย์ พงษ์ฤทธิ์ศักดา ... [และคนอื่นๆ]
246 31 Guidelines for prevention of ventilator-associatedpneumonia
250    พิมพ์ครั้งที่ 1
260    นครราชสีมา :^bโรงพยาบาลมหาราชสีมา,^c2543
300    40 หน้า ;^c26 ซม.
650  2 Pneumonia
650  2 เครื่องช่วยหายใจ
650  7 ปอดอักเสบ
650  7 Ventilators, Mechanical
700 0  วิมลมาลย์ พงษ์ฤทธิศักดา,^eบรรณาธิการ
710 2  โรงพยาบาลนครราชสีมา
945    ^p0^l0^i013093
995    ทศพร
999 ^a ใช้งานได้ทุกระบบ
รายการนี้ยังไม่มีแท็ก
คุณยังไม่ได้ล็อกอิน คุณสามารถมีกิจกรรมร่วมกับเว็บไซต์ได้ แต่ต้องล็อกอินก่อน ::
  ล็อกอิน

รายการสื่อสารสนเทศ

ลำดับที่ ประเภท เลขเรียก/บาร์โค้ด สถานที่ สถานะ
- ไม่พบข้อมูล -

รายการใกล้เคียง
    หัวเรื่อง [Pneumonia]
    หัวเรื่อง [เครื่องช่วยหายใจ]
    หัวเรื่อง [ปอดอักเสบ]

BibComment


ยังไม่เคยถูกคอมเมนท์

คอมเมนท์ทรัพยากรรายการนี้
  คอมเมนท์: แนวทางการป้องกันป..


 Copyright 2026. Bcnsprnw @Library